000 00989nam a2200265 i 4500
001 000017513
003 DO-SdBNP
005 20240408151709.0
007 ta
008 100326s19uu dr a 000 0 spa d
040 _aDO-SdBNP
_bspa
_cBNPHU
_erda
049 _aBNPD
082 4 _bM294d
_222
245 0 0 _aManual del laboratorio de física básica /
_cClemencio Cuello Ramírez, Rafael Modesto Ogando, Ramón Anibal Roa Castillo, Pericles de Jesús Romero Gómez, Rafaela Vicente Núñez, Altagracia Suarez Peralta
264 _aSanto Domingo :
_beditora no identificada,
_c19--?.
300 _a55 páginas :
_bilustraciones ;
_c27 cm.
336 _2rdacontent
_atexto
_btxt
337 _2rdamedia
_asin mediación
_bn
338 _2rdacarrier
_avolumen
_bnc
700 1 _aOgando, Rafael Modesto
_938246
700 1 _aRoa Castillo, Ramón Anibal
_938247
700 1 _aRomero Gómez, Pericles de Jesús
_938248
700 1 _aSuarez Peralta, Rafaela Altagracia
_938249
942 _2ddc
_cLF2
999 _c17038
_d17038